00825nam a22002297a 450000500170000001000150001702000260003202000230005803500130008103700130009408200100010710000270011724500640014426000450020827000640025330000250031749000370034250000500037994200240042999900170045395201250047020140626113129.0 aENG-110341 a9780198075394c295.00 a0198075391c295.00 aEN-93873 bDBAD/PUB a338.9 aDutt, Amitava Krishna  aPathways to economic development /cby Amitava Krishna Dutt aNew DelhibOxford University Pressc2014 aYMCA Library Building, 1 Jai Singh Road bNew Delhie110001 axii,211p.c22cm(pbk) aOxford India short introductions aIncludes bibliographical references and index 2ddccENmDUTh338.9 c85145d85145 001040718NFICaDBADbDBADd2014-06-16eENG-110341g295.00l0o338.9 DUTpEN-93873r2014-06-16 00:00:00t1v295.00yEN